Ley Integral para la persona adulta mayor

Uloženo v:
Podrobná bibliografie
Korporativní autor: Costa Rica. Defensoría de los Habitantes
Médium: Text
Vydáno: San José: DH
Témata:
Tagy: Přidat tag
Žádné tagy, Buďte první, kdo vytvoří štítek k tomuto záznamu!

MARC

LEADER 00000 a a2200000 04500
001 26797
003
040
090 |a 149900  
110 |a Costa Rica. Defensoría de los Habitantes  
245 |a Ley Integral para la persona adulta mayor  
260 |a San José:   |b DH  
300 |a 35 p.  
650 |a ANCIANOS  
650 |a VEJEZ  
650 |a LEGISLACION  
999 |c 15708  |d 15708